|
|
|
|
| LEADER |
01019cam a2200253 7i4500 |
| 001 |
0000079254 |
| 005 |
20230821090000.0 |
| 020 |
|
|
|a 9781003185376 (electronic book)
|
| 090 |
0 |
0 |
|a QA76.585
|b .M57 2022
|
| 245 |
0 |
0 |
|a Machine learning and optimization models for optimization in cloud
|c edited by Punit Gupta [and three others].
|
| 264 |
|
|
|a Boca Raton, FL:
|b CRC Press,
|c 2022.
|
| 300 |
|
|
|a 1 online resource (204 pages):
|b illustrations, text file, PDF.
|
| 336 |
|
|
|a text
|2 rdacontent
|
| 337 |
|
|
|a computer
|2 rdamedia
|
| 338 |
|
|
|a online resource
|2 rdacarrier
|
| 490 |
0 |
|
|a Chapman & Hall/distributed computing and intelligent data analytics series
|
| 650 |
|
0 |
|a Cloud computing
|
| 650 |
|
0 |
|a Machine learning
|
| 655 |
|
0 |
|a Electronic books
|
| 700 |
1 |
|
|a Gupta, Punit
|
| 856 |
4 |
2 |
|u http://library.unisel.edu.my/web/guest/mylibrary
|
| 997 |
|
|
|a Communication, Visual Art & Computing, Faculty
|b Computing, Department
|
| 998 |
|
|
|a Information Technology, Degree
|
| 999 |
|
|
|a EBO0021333
|b EBOOK
|c EBOOK
|e Electronic resources
|